000 00375nam a2200109Ia 4500
008 171204s9999 xx 000 0 und d
245 _aPlace-based Curriculum Design: Exceeding Standards through Local Investigations
245 _cAmy B. Demarest
260 _c2014
650 _xField Study 4: Exploring the Curriculum
856 _uhttp://down.ebook777.com/035/1138013455.pdf
999 _c345812
_d345812